Top 10 La Liga Clubs by Points of the Decade (2010s) - Statistics

General Stats
  • This quiz has been taken 318 times
  • The average score is 9 of 10
Answer Stats
Rank Club Points % Correct
1st FC Barcelona 928
100%
3rd Atlético Madrid 744
99%
2nd Real Madrid CF 879
99%
5th Sevilla FC 605
97%
4th Valencia CF 617
94%
6th Athletic Bilbao 554
89%
7th Villarreal CF 518
88%
8th Real Sociedad 505
82%
9th RCD Espanyol 469
62%
10th Getafe CF 431
59%
No matching quizzes found
Score Distribution
Percent of People with Each Score
Percentile by Number Answered
Your Score History
You have not taken this quiz